|
|
|
|
| LEADER |
00000nam2a2200000 4500 |
| 001 |
333060 |
| 005 |
20231102004522.0 |
| 035 |
|
|
|a (RuTPU)RU\TPU\book\359055
|
| 035 |
|
|
|a RU\TPU\book\295598
|
| 090 |
|
|
|a 333060
|
| 100 |
|
|
|a 20170606d1978 k y0rusy50 ca
|
| 101 |
0 |
|
|a rus
|
| 102 |
|
|
|a RU
|
| 105 |
|
|
|a a z 001zy
|
| 200 |
0 |
|
|a Вып. 19 : Эпицентральная зона землетрясений
|f отв.ред. С. В. Медведев
|
| 210 |
|
|
|d 1978
|
| 215 |
|
|
|a 194 с.
|c ил.
|
| 320 |
|
|
|a Библиография в конце статей
|
| 461 |
|
1 |
|0 (RuTPU)RU\TPU\book\26710
|t Вопросы инженерной сейсмологии
|o сборник научных трудов
|f Академия наук СССР (АН СССР), Институт физики Земли им. О. Ю. Шмидта (ИФЗ)
|v Вып. 19 : Эпицентральная зона землетрясений
|d 1958-1993
|s Труды института физики Земли
|
| 606 |
1 |
|
|a Сейсмология
|2 stltpush
|3 (RuTPU)RU\TPU\subj\54391
|9 72548
|
| 606 |
1 |
|
|a Инженерная сейсмология
|2 stltpush
|3 (RuTPU)RU\TPU\subj\12578
|9 39341
|
| 610 |
1 |
|
|a землетрясения
|
| 610 |
1 |
|
|a сейсмические воздействия
|
| 610 |
1 |
|
|a деформации
|
| 610 |
1 |
|
|a сейсмические волны
|
| 610 |
1 |
|
|a осциллографы
|
| 610 |
1 |
|
|a баллы
|
| 610 |
1 |
|
|a интенсивность
|
| 610 |
1 |
|
|a грунты
|
| 610 |
1 |
|
|a сборники
|
| 675 |
|
|
|a 550.34
|v 4
|
| 675 |
|
|
|a 699.841
|v 4
|
| 702 |
|
1 |
|a Медведев
|b С. В.
|4 340
|
| 801 |
|
1 |
|a RU
|b 63413507
|c 20141017
|
| 801 |
|
2 |
|a RU
|b 63413507
|c 20170607
|g RCR
|
| 942 |
|
|
|c BK
|